000 00779nam a2200253Ia 4500
003 OSt
005 20220918171907.0
006 a|||||r|||| 00| 0
007 ta
008 220917b |||||||| |||| 00| 0 eng d
020 _a9788184290714 (hbk)
_c1520
024 _a266,279
037 _b670, 18/10/2012, Bright Book Service
_cTextual
040 _aARTS
_cARTS
_beng
041 _2eng
_aeng
082 _aO111:g, Q2
100 _aPatil Anand B.
_926586
245 0 _aLiterary into comparative culture criticism
260 _aAmbala
_bThe Associated Publishers India
_c2012
300 _axxx, 412p.
_ccm.
650 _aENGLISH LITERATURE
942 _hO111:g, Q2
_cTEXL
_2CC
999 _c141779
_d141779